|
|
|
|
| LEADER |
00000naa2a2200000 4500 |
| 001 |
467819 |
| 005 |
20240303151744.0 |
| 035 |
|
|
|a (RuTPU)RU\TPU\prd\132803
|
| 035 |
|
|
|a RU\TPU\prd\132725
|
| 090 |
|
|
|a 467819
|
| 100 |
|
|
|a 20120215a2011 k y0rusy50 ca
|
| 101 |
0 |
|
|a rus
|
| 102 |
|
|
|a RU
|
| 200 |
1 |
|
|a Моделирование и исследование реакционноректификационной колонны синтеза МТБЭ с использованием программы HYSYS
|f А. В. Кравцов [и др.]
|
| 320 |
|
|
|a Библиогр.: 8 назв.
|
| 330 |
|
|
|a В работе освещены некоторые аспекты моделирования процессов реакционной ректификации в HYSYS (в особенности, моделирование химических реакций), а также представлен анализ влияния флегмового и парового чисел на основные технологические параметры процесса синтеза метилтрет. бутилового эфира. В расчетной среде HYSYS сформирована модель колонны реакционно-ректификационного синтеза метилтрет. бутилового эфира, подтверждена адекватность этой модели, на основе которой затем проводилось исследование влияния парового и флегмового чисел на составы продуктовых потоков в стационарном режиме. Также были определены оптимальный интервал флегмового и парового чисел и связь между флегмовым, паровым числами и нагрузкой дефлегматора и кипятильника соответственно. Полученная модель может использоваться для дальнейших исследований реакционно-ректификационного процесса синтеза метилтрет. бутилового эфира
|
| 461 |
|
0 |
|0 (RuTPU)RU\TPU\prd\277
|x 0233-5727
|t Нефтепереработка и нефтехимия
|o научно-технические достижения и передовой опыт
|o информационный сборник
|f Центральный научно-исследовательский институт информации и технико-экономических исследований нефтеперерабатывающей и нефтехимической промышленности (ЦНИИТЭнефтехим)
|d 1963-
|
| 463 |
|
1 |
|0 (RuTPU)RU\TPU\prd\104557
|t № 2
|v С. 6-11, 49
|d 2011
|
| 610 |
1 |
|
|a труды учёных ТПУ
|
| 701 |
|
1 |
|a Кравцов
|b А. В.
|c химик-технолог
|c профессор-консультант Томского политехнического университета, доктор технических наук
|f 1938-
|g Анатолий Васильевич
|3 (RuTPU)RU\TPU\pers\19827
|
| 701 |
|
1 |
|a Самборская
|b М. А.
|c химик-технолог
|c доцент Томского политехнического университета, кандидат химических наук
|f 1960-
|g Марина Анатольевна
|3 (RuTPU)RU\TPU\pers\24967
|9 11121
|
| 701 |
|
1 |
|a Митянина
|b О. Е.
|c химик-технолог
|c доцент Томского политехнического университета, кандидат технических наук
|f 1986-
|g Ольга Евгеньевна
|y Томск
|3 (RuTPU)RU\TPU\pers\28709
|9 13506
|
| 701 |
|
1 |
|a Дерина
|b К. В.
|
| 801 |
|
1 |
|a RU
|b 63413507
|c 20120215
|
| 801 |
|
2 |
|a RU
|b 63413507
|c 20120831
|g RCR
|
| 942 |
|
|
|c BK
|